000 00669nam a22002177a 4500
999 _c95210
_d95210
005 20260407150157.0
008 260407s2025 ||||| |||| 00| 0 eng d
020 _a9798891615113
041 _aeng
082 0 0 _223
_a515.35
100 1 _aThompson, Mark ,
_eauthor.
245 1 0 _aDifferential equations /
_cMark Thompson.
264 1 _aJersey City :
_bAlexis Press LLC,
_c2025.
300 _avi, 285 pages :
_billustrations ;
_c27 cm
336 _2rdacontent
_atext
_btxt
337 _2rdamedia
_aunmediated
_bn
338 _2rdacarrier
_avolume
_bnc
504 _aIncludes bibliographical references and index.
650 0 _aDifferential equations.
942 _2ddc
_cBK